LEADER 01364nam a2200313 u 4500 001 000000062301 003 CaOOAMICUS 005 20070226121123.0 008 010926s1986 it u000 u ita u 020 $a8831148036 035 $a10904319 040 $aPUL(R)$bita 245 00$aPrimi scritti Carmelitani :$bla regola del Carmelo - la freccia di fuoco - la formazione dei primi monaci /$ca cura di Dario Cumer, O.C.D. 260 $aRoma :$bCittà Nuova,$c1986. 300 $a162 p. ;$c18 cm 490 1 $aTesti di Spiritualità Carmelitana ;$v1 500 $aContiene indice. 504 $aBibliografia in nota. 610 24$aCarmelitani.$0(OLS)http://pul/subject/7906 650 4$aSpiritualità.$0(OLS)http://pul/subject/843 700 1 $aCumer, Dario.$0(OLS)http://pul/name/42475 830 0$aTesti di Spiritualità Carmelitana ;$v1.$0(OLS)http://pul/title/83132 850 $aPUL 852 $aPUL$W1$xSL Religione 1$y3$m41 L 20$j81034$nBK-PRI$b $qStampati$B81034$CPULBib$Z2$F81034 $H $81 941 1 $a8 961 $aINV: 55844 996 $6020$a8831148036$9(OLS)http://pul/number/80786 996 $6245$aPrimi scritti Carmelitani :$bla regola del Carmelo - la freccia di fuoco - la formazione dei primi monaci$9(OLS)http://pul/title/83131 996 $6260$aRoma :$bCittà Nuova$9(OLS)http://pul/publisher/47927 LEADER 00786nam a2200217 u 4500 001 000000087626 003 CaOOAMICUS 005 20070226124427.0 008 051017s1965 it u000 u ita u 035 $a11064218 040 $aPUL(R)$bita 100 1 $aLodi, Mario,$d1922-2014.$0(OLS)http://pul/name/57160 245 10$aAmen /$cMario Lodi. 260 $aBrescia :$bQueriniana,$cstampa 1965. 300 $a130 p. ;$c19 cm 650 4$aLiturgia$xStudi.$0(OLS)http://pul/subject/13193 850 $aPUL 852 $aPUL$W1$xDP1 Fondo Pastorale$y55$mP2 C 33$j111065$nBK-PRI$b $qFondi$B111065$CPULBib$Z2$F111065 $H $81 941 1 $a1 996 $6245$aAmen$9(OLS)http://pul/title/113366 996 $6260$aBrescia :$bQueriniana$9(OLS)http://pul/publisher/47906